Nba 2k22 top 5 all time players from each team. - Statistics

General Stats
  • This quiz has been taken 121 times
  • The average score is 26 of 146
Answer Stats
Hint Answer % Correct
dal | hou James
66%
lal Kobe
65%
lal | mh | orl Shaq
57%
lal Magic
51%
cle | lal | mh Lebron
50%
utah | ww John
46%
gsw Wilt
46%
ww Wes
39%
dal Dirk
33%
gsw Stephen
33%
nop Davis
28%
okc Russell
28%
mil Giannis
26%
bkn | gsw | min | okc Kevin
26%
gsw Klay
26%
bos | gsw | ind | lac Paul
26%
lac | nop Chris
25%
mil Khris
25%
phi Allen
22%
bkn | nyk | phi Julius
22%
bkn | cle Kyrie
22%
bos | det | port Bill
21%
nyk | sac Jerry
21%
cle Brad
20%
hou Hakeem
20%
det Joe
20%
den Nikola
20%
bos Bob
19%
bkn | dal Jason
19%
lac | sas | tor Kawhi
19%
bos | cha Larry
19%
mh | sas Tim
19%
tor Vince
19%
utah Karl
18%
dal Luka
18%
chi Scottie
18%
phx Steve
18%
orl | tor Tracy
18%
den | nyk Carmelo
17%
mil | sac Oscar
17%
orl Penny
17%
sas Tony
17%
ww Bradley
16%
mh Wade
16%
port Clyde
15%
den | nop David
15%
chi | det Dennis
15%
lac Blake
14%
chi | tor Demar
14%
atl Dominique
14%
tor Kyle
14%
sas Manu
14%
chi | den Micheal
14%
ind Reggie
14%
okc Shawn
14%
atl Trae
14%
orl Dwight
13%
det Isiah
13%
okc Ray
13%
lac Deandre
12%
phx Devin
12%
cha Kemba
12%
phi Moses
12%
phi | phx Charles
11%
phx Dan
11%
okc Gary
11%
den | nop Jamal
11%
mh Jimmy
11%
phi Joel
11%
cle | dal Mark
11%
hou Yao
11%
nyk Amare
10%
phx A'mare
10%
mil Brook
10%
port Dame
10%
sac De'arron
10%
ww Elvin
10%
ww Gilbert
9%
utah Rudy
9%
port CJ
8%
min Sam
8%
sas David Robinson
7%
cha Glen
7%
chi Zach
7%
nop Zion
7%
port Brandon
6%
ind Danny
6%
orl Grant
6%
atl Josh
6%
min Kevin Love
6%
cha Lamelo
6%
bos Jayson
5%
ind jermaine
5%
cle Jr Smith
5%
hou Kenny
5%
utah Pete
5%
ind Victor
5%
sac Chris Webber
4%
cha Dell
4%
chi Derick
4%
atl Doc
4%
lal | mil Kaj
4%
min Kat
4%
sac Peja
4%
min Stephon
4%
den Kiki
2%
atl Spud
2%
bkn D'lo
1%
utah Mark Eaton
1%
det RIP
1%
nyk Rj
1%
No matching quizzes found
Score Distribution
Percent of People with Each Score
Percentile by Number Answered
Your Score History
You have not taken this quiz